Loading...
| Fine Arts - Classical Music | 0 | 8 | 0 | 1 | 80 | 46 | 84.75 | 3 | 6 | 22.80 | 55.00 |
| Philosophy | 0 | 6 | 0 | 0 | 60 | 54 | 74.83 | 0 | 5 | 21.19 | 43.33 |
| Fine Arts - Other | 0 | 5 | 0 | 0 | 50 | 43 | 78.20 | 1 | 3 | 17.17 | 30.83 |
| Literature - World | 0 | 5 | 0 | 0 | 50 | 53 | 95.00 | 1 | 3 | 12.36 | 31.67 |
| Literature - European | 0 | 5 | 1 | 1 | 45 | 72 | 111.00 | 1 | 2 | 7.62 | 18.33 |
| History - World | 0 | 4 | 0 | 0 | 40 | 19 | 58.75 | 2 | 2 | 18.30 | 22.50 |
| Social Science | 0 | 4 | 1 | 0 | 35 | 79 | 93.50 | 2 | 3 | 8.86 | 25.83 |
| Literature - American | 0 | 4 | 2 | 0 | 30 | 96 | 109.75 | 2 | 3 | 7.46 | 28.33 |
| Literature - British | 0 | 3 | 1 | 1 | 25 | 69 | 102.00 | 2 | 2 | 6.95 | 22.50 |
| Mythology | 0 | 2 | 0 | 0 | 20 | 92 | 104.50 | 0 | 0 | 3.42 | 11.67 |
| Fine Arts - Painting and Sculpture | 0 | 2 | 0 | 0 | 20 | 92 | 107.00 | 1 | 1 | 3.72 | 10.00 |
| Current Events | 0 | 1 | 0 | 0 | 10 | 53 | 53.00 | 1 | 1 | 14.23 | 25.00 |
| History - American | 0 | 1 | 0 | 0 | 10 | 96 | 96.00 | 1 | 1 | 1.93 | 6.67 |
| Religion | 0 | 1 | 0 | 0 | 10 | 82 | 82.00 | 0 | 0 | 2.54 | 5.00 |
| History - European | 0 | 1 | 0 | 0 | 10 | 84 | 84.00 | 0 | 0 | 3.26 | 2.50 |